Escenarios de "pos-ultraactividad" del convenio: soluciones judiciales a la incertidumbre /

Detalles Bibliográficos
Autor principal: Molina Navarrete, Cristb̤al
Formato: eBook
Lenguaje:español
Publicado: Madrid: Dykinson, 2014
Materias:
Acceso en línea:Acceso restringido

MARC

LEADER 00000nam a22000007a 4500
005 20141010000332.0
007 cr|||| ||||
008 141010s2014 es |||||s|||| 00||0 spa d
020 |a 978-84-15923-11-4 
035 |a 12427 
040 |a vLex 
090 |c 5206  |d 5206 
100 1 |a Molina Navarrete, Cristb̤al 
245 1 0 |a Escenarios de "pos-ultraactividad" del convenio:  |h [Recurso electrn̤ico] :  |b soluciones judiciales a la incertidumbre /  |c Cristb̤al Molina Navarrete 
256 |a Servicio en ln̕ea 
260 |a Madrid:  |b Dykinson,  |c 2014 
300 |a 1 recurso electrn̤ico 
500 |a El rǧimen legal sobre la ultra-actividad de los convenios adolece de graves incertidumbres, de ah ̕su creciente litigiosidad. Sobre la base de las opuestas soluciones de la doctrina cientf̕ica, los "temidos" jueces de lo social han tomado el testigo y ofrecen respuestas concretas a los problemas aplicativos que se presentan en los diversos escenarios de la "pos-ultra-actividad". Pero la doctrina judicial ofrece anl̀ogas dudas e incertidumbres. Este estudio da cuenta de toda esa produccin̤ judicial, sistematiza, evidenciando sus fortalezas y debilidades, a fin de reforzar las inevitables soluciones jurd̕icas estabilizadoras y desnudar las "abolicionistas", tan inverosm̕iles como irracionales. 
506 1 |a Disponible solo en los productos indicados  |d vLex Global  |d vLex Global (Academic Edition, excluding Law Schools)  |d vLex Global (U.S. Academic Edition, Law Schools)  |d vLex Global (U.S. Academic Edition, excluding Law Schools)  |d vLex Global (Academic Edition, Law Schools) 
650 0 4 |a Derecho Civil  |z Espaą 
740 0 |a vLex Libros (Servicio en ln̕ea) 
856 4 0 |u http://vlex.com/source/escenarios-de-pos-ultraactividad-del-convenio-soluciones-judiciales-a-la-incertidumbre-12427  |z Acceso restringido 
942 |c BOOK 
999 0 |a Civil Law